00498nam a22001697a 450000500170000001000210001702000260003803700180006410000190008224500400010126000390014127000450018030000250022550000420025094200170029299900190030920171016112210.0 a1718EN-30  a9781137612038c545.00 bAtlanticadpl aRobbines, Ruth aLiterary feminismscby Ruth Robbins aNew YorkbPalgrave Macmillanc2017 a175, Fifth Avaenue, bNew YorkeNY-10010v axii,290p.c21cm(pbk) aIncludes bibliographical and index  2ddccENmROB c145072d145072